000 00653nam a2200205 i 4500
001 97067
003 ES-MaACL
005 20250808022125.0
007 t|
008 050706s1961 sp ||||1| spa d
100 1 _aManstein, Erich von.
_976143
245 1 0 _aDe la vida de un soldado
_b: 1887-1939 /
_cErich V. Manstein Feldmariscal; [versión española de Mariano Orta Manzano].
260 _aBarcelona :
_bCaralt,
_c1961.
300 _a313 p. ;
_c24 cm.
490 1 _aLa vida vivida
700 1 _aOrta Manzano, Mariano.
_987384
830 0 3 _aLa vida vivida
_9180877
852 _aES-MaACL
_jC-20433
_bR.47946
999 _c97067
_d97067